<?xml version="1.0" encoding="UTF-8"?>
<collection xmlns="http://www.loc.gov/MARC21/slim">
 <record>
  <leader>00655pamaa2200169   4500</leader>
  <controlfield tag="001">0000019124</controlfield>
  <controlfield tag="005">20070402090000.0</controlfield>
  <datafield tag="020" ind1="0" ind2="0">
   <subfield code="a">962328005X </subfield>
  </datafield>
  <datafield tag="090" ind1="0" ind2="0">
   <subfield code="a">DS596.6 </subfield>
   <subfield code="b">STR 1989</subfield>
  </datafield>
  <datafield tag="245" ind1="0" ind2="0">
   <subfield code="a">STRAITS affairs : </subfield>
   <subfield code="b">the Malay world and Singapore being glimpses of the straits setlements and the Malay Peninsula in the nineteenth century as ssen through the illustrated London news and other contemporary sources  </subfield>
   <subfield code="c">compiled by D.J.M. Tate.</subfield>
  </datafield>
  <datafield tag="260" ind1="0" ind2="0">
   <subfield code="a">Hong Kong: </subfield>
   <subfield code="b">John Nicholson Ltd, </subfield>
   <subfield code="c">1989.</subfield>
  </datafield>
  <datafield tag="300" ind1=" " ind2=" ">
   <subfield code="a">130p.: </subfield>
   <subfield code="b">some col.; </subfield>
   <subfield code="c">23cm.</subfield>
  </datafield>
  <datafield tag="650" ind1="0" ind2="0">
   <subfield code="a">Straits settlements </subfield>
  </datafield>
  <datafield tag="650" ind1="0" ind2="0">
   <subfield code="a">Malay Peninsula </subfield>
  </datafield>
  <datafield tag="650" ind1="0" ind2="0">
   <subfield code="a">Malaya </subfield>
  </datafield>
  <datafield tag="650" ind1="0" ind2="0">
   <subfield code="a">Singapore </subfield>
  </datafield>
  <datafield tag="700" ind1="1" ind2="1">
   <subfield code="a">Tate, </subfield>
   <subfield code="h">D.J.M. </subfield>
  </datafield>
 </record>
</collection>
